[Event "Hong Kong op"]
[Site "Hong Kong"]
[Date "2023.12.29"]
[Round "9"]
[White "Zhu, Xia"]
[Black "Qin, Bruce Zhi"]
[Result "1/2-1/2"]
[WhiteElo "2147"]
[BlackElo "1229"]
[PlyCount "54"]
[EventDate "2023.12.24"]
[EventType "swiss"]
[EventRounds "9"]
[EventCountry "HKG"]
[SourceTitle "CB01_2024"]
[SourceDate "2024.01.03"]
[SourceVersion "1"]
[SourceVersionDate "2024.01.03"]
[SourceQuality "1"]

1. e4 c5 2. Nf3 d6 3. d4 cxd4 4. Nxd4 Nf6 5. Nc3 g6 6. Bc4 Bg7 7. Be3 0-0 8. f3 Nc6 9. Qd2 Bd7 10. g4 Ne5 11. Be2 Rc8 12. 0-0-0 Nc4 13. Bxc4 Rxc4 14. h4 Qa5 15. Kb1 b5 16. Ncxb5 Qa6 17. Nc3 Rb8 18. Nb3 Qb7 19. Nd5 Be6 20. Nxf6+ Bxf6 21. c3 Ra4 22. Nc1 Rc8 23. Bd4 Bxd4 24. cxd4 Bc4 25. h5 Rb8 26. hxg6 fxg6 27. d5 e6 1/2-1/2

[Event "Hong Kong op"]
[Site "Hong Kong"]
[Date "2023.12.27"]
[Round "6"]
[White "Yeung, Chun Keung"]
[Black "Qin, Bruce Zhi"]
[Result "1/2-1/2"]
[WhiteElo "1827"]
[BlackElo "1229"]
[PlyCount "47"]
[EventDate "2023.12.24"]
[EventType "swiss"]
[EventRounds "9"]
[EventCountry "HKG"]
[SourceTitle "CB01_2024"]
[SourceDate "2024.01.03"]
[SourceVersion "1"]
[SourceVersionDate "2024.01.03"]
[SourceQuality "1"]

1. e4 c5 2. c3 d5 3. exd5 Qxd5 4. d4 cxd4 5. cxd4 Nc6 6. Nf3 e5 7. Nc3 Bb4 8. dxe5 Qxd1+ 9. Kxd1 Bg4 10. Be2 Nge7 11. Be3 Ng6 12. h3 Bxf3 13. Bxf3 Ngxe5 14. Be2 0-0-0+ 15. Kc2 Nd4+ 16. Bxd4 Rxd4 17. Rad1 Rhd8 18. Rxd4 Rxd4 19. Rd1 Rxd1 20. Kxd1 Kd7 21. f4 Ng6 22. g3 Ne7 23. Bf3 b6 24. Nd5 1/2-1/2